000 00791nam a2200277 a 4500
001 76873
003 BD-RjUL
005 20211209082911.0
008 200128r19581947enk 000 0 eng d
020 _a022460550X
035 _aoxf98420238
035 _a(OCoLC)4200694
035 _a(BD-RjUL)77097
040 _aKKU
_cKKU
_dm.c
_dEQO
_dBD-RjUL
_beng
041 _aeng
082 _223
_a812.52
_bONI 1958
100 1 _aO'Neill, Eugene,
_d1888-1953.
_9238577
245 1 4 _aThe iceman cometh /
_cby Eugene O'Neill.
260 _aLondon :
_bJ. Cape,
_c1947 [reprinted 1958]
300 _a224 p. ;
_c20 cm.
650 _aSales personnel
_9238578
650 _aBars (Drinking establishments)
_9238579
650 _aAmerican drama
_9238580
942 _2ddc
_cBK
999 _c76873
_d76873